Obálka Náhled e-knihy:
PDF
Pro půjčování e-knih musíte být přihlášeni.
Jak si půjčit online?

Vegan recepty : hravě a zdravě /

Kuchařské recepty na přípravu veganských jídel, snídaní, hlavních chodů a dezertů.

Uloženo v:
Hlavní autor: Brýdová, Monika, 1969- (Autor)
Médium: E-kniha
Jazyk:Czech
Vydáno: V Brně : CPress, 2019
Vydání:1. vydání
Témata:
Tagy:
Žádné tagy
LEADER 01652nam a2200409 i 4500
001 311102
003 CZ PrSKC
005 20260601215659.0
007 ta
008 191121s2019 xr a e f 000 0 cze
015 |a cnb003160666 
020 |a 9788026428053  |q (vázáno) :  |c Kč 349,00 
035 |a (OCoLC)1135614653 
040 |a BOA001  |b cze  |e rda 
072 7 |a 641  |x Kuchařství. Potraviny. Vařená jídla  |2 Konspekt 
080 |a 641.56-056.84:613.26  |2 MRF 
080 |a (083.12)  |2 MRF 
100 1 |a Brýdová, Monika,  |d 1969-  |7 xx0025490  |4 aut 
245 1 0 |a Vegan recepty :  |b hravě a zdravě /  |c Monika Brýdová 
250 |a 1. vydání 
264 1 |a V Brně :  |b CPress,  |c 2019 
300 |a 238 stran :  |b barevné ilustrace ;  |c 24 cm 
336 |a text  |b txt  |2 rdacontent 
336 |a statický obraz  |b sti  |2 rdacontent 
337 |a bez média  |b n  |2 rdamedia 
338 |a svazek  |b nc  |2 rdacarrier 
520 2 |a Kuchařské recepty na přípravu veganských jídel, snídaní, hlavních chodů a dezertů. 
650 0 7 |a veganská jídla  |7 ph772376  |2 czenas 
650 0 9 |a vegan meals  |2 eczenas 
655 7 |a kuchařské recepty  |7 fd132687  |2 czenas 
655 9 |a cookbooks  |2 eczenas 
900 |a ABA001  |b 19 
928 9 |a Albatros Media - CPress 
044 |a xr 
910 |a RBIT002 
998 |d 202135  |a https://core.palmknihy.cz/api/books/202135/cover?pzv2ng  |b https://core.palmknihy.cz/api/books/202135/cover/400?pzv2ng  |c https://core.palmknihy.cz/api/books/202135/cover/50?pzv2ng  |e 2029-03-12  |g 240  |i 9788026428053  |k https://core.palmknihy.cz/api/books/202135/preview.pdf  |l   |q 49  |r 1  |s https://www.palmknihy.cz/kniha/202135  |t ebook  |y 2019  |z 0 
999 |d 311100